| 000 | 00545cam a2200181ua 4500 | ||
|---|---|---|---|
| 003 | OSt | ||
| 008 | 241101b |||||||| |||| 00| 0 eng d | ||
| 020 | _a0-8213-2101-3 | ||
| 041 | _aeng | ||
| 082 |
_a621.47 _bBAR/SO |
||
| 100 |
_aBarlow, Roy . _96389 |
||
| 245 | _aSolar pumping: Introduction and update on the technology, performance, costs and economics / | ||
| 260 |
_a : _bIntermediate technology publications , _c1993. |
||
| 300 | _a153 ; . | ||
| 700 | 1 |
_aDerrick, Anthony . _96390 |
|
| 700 | 1 |
_aMcNelis, Bernard . _96391 |
|
| 942 | _cBK | ||
| 999 |
_c9336 _d9336 |
||